[Event "IECG QN.2003.0.00280 email "]
[Site "IECG email"]
[Date "2003.07.01"]
[Round "?"]
[White "Ravera, Leonardo"]
[Black "Emerald, Elizabeth"]
[Result "0-1"]
[WhiteElo "800"]
[BlackElo "783"]
[PlyCount "84"]
[EventDate "2003.07.01"]
[EventType "tourn (corr)"]
[EventRounds "6"]
[SourceTitle "Corr 2008"]
[Source "ChessBase"]
[SourceDate "2008.06.24"]
[SourceVersion "1"]
[SourceVersionDate "2008.06.24"]
[SourceQuality "1"]

1. e4 e5 2. Nf3 Nc6 3. Bb5 Bc5 4. c3 Nf6 5. 0-0 0-0 6. d4 Bb6 7. dxe5 Nxe4 8. Nbd2 Nxd2 9. Qxd2 d6 10. Re1 Nxe5 11. Nxe5 dxe5 12. Rxe5 Qf6 13. Qf4 Be6 14. Qxf6 gxf6 15. Re4 Kh8 16. Be3 f5 17. Re5 c6 18. Bd3 Bc7 19. Rc5 f6 20. Bxf5 Rae8 21. Bd4 Bd5 22. Kf1 b6 23. Rxd5 cxd5 24. Re1 Be5 25. Bd7 Re7 26. Bc6 Kg7 27. f4 Bd6 28. Rxe7+ Bxe7 29. Bxd5 Rd8 30. Be4 Bc5 31. Bxc5 bxc5 32. Ke2 a5 33. g3 a4 34. Bc6 Rb8 35. Bxa4 Rxb2+ 36. Kd3 Rxh2 37. Kc4 Rxa2 38. Kb3 Rg2 39. g4 Rxg4 40. Kc4 Rxf4+ 41. Kb5 Rxa4 42. Kxa4 h5 0-1

[Event "IECG QN.2003.0.00269 email "]
[Site "IECG email"]
[Date "2003.04.05"]
[Round "?"]
[White "Emerald, Elizabeth"]
[Black "Charlez, Carlos"]
[Result "0-1"]
[WhiteElo "800"]
[BlackElo "800"]
[PlyCount "74"]
[EventDate "2003.04.05"]
[EventType "tourn (corr)"]
[EventRounds "6"]
[SourceTitle "Corr 2008"]
[Source "ChessBase"]
[SourceDate "2008.06.24"]
[SourceVersion "1"]
[SourceVersionDate "2008.06.24"]
[SourceQuality "1"]

1. e4 d6 2. d4 Nf6 3. Nc3 g6 4. f4 Bg7 5. Nf3 0-0 6. Bd3 Nc6 7. 0-0 e5 8. fxe5 dxe5 9. d5 Nb4 10. Nxe5 Nfxd5 11. Nxd5 Nxd5 12. Nxf7 Rxf7 13. exd5 Bd4+ 14. Kh1 Qxd5 15. Qe2 Rxf1+ 16. Qxf1 Bh3 17. Bc4 Bxg2+ 18. Qxg2 Qxc4 19. Bh6 c6 20. c3 Bc5 21. a3 Re8 22. Rd1 Qh4 23. Qd2 Qe4+ 24. Qg2 Qe1+ 25. Qf1 Qe4+ 26. Qg2 Qxg2+ 27. Kxg2 Re2+ 28. Kg3 Rxb2 29. Rd7 Bxa3 30. Rg7+ Kf8 31. Rxh7+ Ke8 32. Bg7 Bd6+ 33. Kf3 Rxh2 34. Rh8+ Rxh8 35. Bxh8 Kf7 36. Bd4 c5 37. Bxc5 Bxc5 0-1

[Event "IECG QN.2003.0.00257 email "]
[Site "IECG email"]
[Date "2003.01.18"]
[Round "?"]
[White "Emerald, Elizabeth"]
[Black "Arauz, Christopher"]
[Result "1-0"]
[WhiteElo "800"]
[BlackElo "679"]
[PlyCount "89"]
[EventDate "2003.01.18"]
[EventType "tourn (corr)"]
[EventRounds "6"]
[SourceTitle "Corr 2008"]
[Source "ChessBase"]
[SourceDate "2008.06.24"]
[SourceVersion "1"]
[SourceVersionDate "2008.06.24"]
[SourceQuality "1"]

1. e4 c5 2. d4 cxd4 3. Qxd4 Nc6 4. Qc3 e6 5. Qg3 d5 6. Nc3 Nd4 7. Bb5+ Bd7 8. Bxd7+ Qxd7 9. Qd3 dxe4 10. Nxe4 f5 11. c3 Rd8 12. cxd4 fxe4 13. Qxe4 Qxd4 14. Qxd4 Rxd4 15. Ne2 Bb4+ 16. Nc3 Nf6 17. 0-0 0-0 18. Nb5 Rf4 19. Bxf4 a6 20. Nc7 Ne4 21. Nxe6 Rf6 22. a3 Ba5 23. b4 Bb6 24. Rac1 Rxe6 25. Rc8+ Kf7 26. Be3 Nd6 27. Rc3 Nb5 28. Rd3 Kg6 29. Bxb6 Rxb6 30. Rg3+ Kf6 31. Re1 Nd4 32. Rg4 Nc2 33. Ree4 Nxa3 34. Rgf4+ Kg6 35. Re3 Nc2 36. Rg3+ Kh5 37. Rgg4 g6 38. Rh4+ Kg5 39. g3 h5 40. Rc4 Ne1 41. Rhf4 Nd3 42. Rfd4 Ne5 43. f4+ Kf6 44. fxe5+ Kxe5 45. Rd8 1-0

[Event "IECG QN.2003.0.00257 email "]
[Site "IECG email"]
[Date "2003.01.18"]
[Round "?"]
[White "Emerald, Elizabeth"]
[Black "Venturas, Bob"]
[Result "1-0"]
[WhiteElo "800"]
[BlackElo "556"]
[PlyCount "59"]
[EventDate "2003.01.18"]
[EventType "tourn (corr)"]
[EventRounds "6"]
[SourceTitle "Corr 2008"]
[Source "ChessBase"]
[SourceDate "2008.06.24"]
[SourceVersion "1"]
[SourceVersionDate "2008.06.24"]
[SourceQuality "1"]

1. e4 e5 2. Nf3 Nc6 3. Bb5 Nge7 4. d3 h6 5. 0-0 a6 6. Ba4 b5 7. Bb3 d6 8. h3 Be6 9. Bxe6 fxe6 10. Nh4 Kd7 11. Qg4 Nd4 12. Qd1 Nec6 13. Ng6 Rg8 14. c3 Qe8 15. Nxf8+ Rxf8 16. cxd4 Nxd4 17. Be3 Nc6 18. d4 Kc8 19. d5 Ne7 20. Nd2 exd5 21. Qg4+ Kd8 22. Qxg7 h5 23. Rac1 c5 24. Qh6 Kc7 25. Bxc5 dxc5 26. Rxc5+ Kd8 27. Qb6+ Kd7 28. Rc7+ Kd8 29. Rb7+ Kc8 30. Qc7# 1-0

[Event "IECG QN.2003.0.00257 email "]
[Site "IECG email"]
[Date "2003.01.18"]
[Round "?"]
[White "Venturas, Bob"]
[Black "Emerald, Elizabeth"]
[Result "1-0"]
[WhiteElo "556"]
[BlackElo "800"]
[PlyCount "55"]
[EventDate "2003.01.18"]
[EventType "tourn (corr)"]
[EventRounds "6"]
[SourceTitle "Corr 2008"]
[Source "ChessBase"]
[SourceDate "2008.06.24"]
[SourceVersion "1"]
[SourceVersionDate "2008.06.24"]
[SourceQuality "1"]

1. d4 d5 2. Nc3 Bf5 3. Bf4 e6 4. a3 Bd6 5. Qd2 Nf6 6. Nf3 h6 7. Ne5 0-0 8. e3 a6 9. Bd3 c6 10. 0-0 Nbd7 11. Bxf5 exf5 12. Qd3 Ne4 13. Ne2 Nxf2 14. Rxf2 g5 15. Bg3 Bxe5 16. dxe5 Nc5 17. Qxf5 Ne4 18. Rf3 Nd2 19. Rf2 Qb6 20. e6 Qxb2 21. exf7+ Rxf7 22. Qxf7+ Kh8 23. Rd1 Ne4 24. Rf5 Nxg3 25. Nxg3 Qxa3 26. Nh5 Qxe3+ 27. Kh1 Qa3 28. Qg7# 1-0

[Event "IECG CP.2002.P.00073 email"]
[Site "IECG email"]
[Date "2002.10.01"]
[Round "?"]
[White "Emerald, Elizabeth"]
[Black "Horbach, Frank"]
[Result "0-1"]
[WhiteElo "800"]
[BlackElo "1901"]
[PlyCount "60"]
[EventDate "2002.10.01"]
[EventType "tourn (corr)"]
[EventRounds "6"]
[EventCountry "AUT"]
[SourceTitle "Corr 2008"]
[Source "ChessBase"]
[SourceDate "2008.06.24"]
[SourceVersion "1"]
[SourceVersionDate "2008.06.24"]
[SourceQuality "1"]

1. e4 e5 2. Nf3 Nf6 3. Nxe5 d6 4. Nf3 Nxe4 5. d4 d5 6. Bd3 Be7 7. 0-0 Nc6 8. c4 Nb4 9. Be2 dxc4 10. Bxc4 0-0 11. Nc3 Nd6 12. Be2 Nf5 13. Qb3 Nxd4 14. Nxd4 Qxd4 15. Nb5 Qe5 16. Bc4 c6 17. f4 Bc5+ 18. Kh1 Qe7 19. Nc3 b5 20. Be2 Bf5 21. Qd1 Rad8 22. Bd2 Be3 23. Bxe3 Rxd1 24. Nxd1 Nc2 25. Rc1 Nxe3 26. Re1 Nc2 27. Rxc2 Bxc2 28. Nc3 b4 29. Rc1 bxc3 30. Rxc2 Qe4 0-1

[Event "IECG CP.2002.P.00073 email"]
[Site "IECG email"]
[Date "2002.10.01"]
[Round "?"]
[White "Emerald, Elizabeth"]
[Black "Mende, Ingus"]
[Result "0-1"]
[WhiteElo "800"]
[BlackElo "2078"]
[PlyCount "72"]
[EventDate "2002.10.01"]
[EventType "tourn (corr)"]
[EventRounds "6"]
[EventCountry "AUT"]
[SourceTitle "Corr 2008"]
[Source "ChessBase"]
[SourceDate "2008.06.24"]
[SourceVersion "1"]
[SourceVersionDate "2008.06.24"]
[SourceQuality "1"]

1. d4 Nf6 2. c4 g6 3. Nc3 d6 4. Nf3 Bg7 5. e4 0-0 6. Bd3 Bg4 7. e5 dxe5 8. dxe5 Nfd7 9. Bf4 Nc6 10. Be4 Ncxe5 11. h3 Bxf3 12. gxf3 Nxc4 13. Qe2 Nd6 14. 0-0-0 e5 15. Be3 Qe7 16. Qd2 Nb6 17. Nd5 Nxd5 18. Qxd5 Qh4 19. Bc5 Rfd8 20. Bxd6 cxd6 21. Rhg1 Qxh3 22. Rg3 Qe6 23. Qxe6 fxe6 24. Rdg1 d5 25. Bc2 Bh6+ 26. Kb1 Bf4 27. Rh3 Kg7 28. Rh4 Rac8 29. Rgg4 Rc4 30. b3 Rc3 31. b4 Rdc8 32. Ba4 Rc1+ 33. Kb2 Rf1 34. Bd7 Rxf2+ 35. Kb3 Rxf3+ 36. Ka4 Rcc3 0-1

[Event "IECG CP.2002.P.00073 email"]
[Site "IECG email"]
[Date "2002.10.01"]
[Round "?"]
[White "Smeltzer, Brent S"]
[Black "Emerald, Elizabeth"]
[Result "1-0"]
[WhiteElo "1241"]
[BlackElo "800"]
[PlyCount "57"]
[EventDate "2002.10.01"]
[EventType "tourn (corr)"]
[EventRounds "6"]
[EventCountry "AUT"]
[SourceTitle "Corr 2008"]
[Source "ChessBase"]
[SourceDate "2008.06.24"]
[SourceVersion "1"]
[SourceVersionDate "2008.06.24"]
[SourceQuality "1"]

1. e4 e5 2. Nf3 Nc6 3. Bb5 Bc5 4. c3 f5 5. d4 fxe4 6. Bxc6 dxc6 7. Nxe5 Qd5 8. Bf4 Bd6 9. c4 Qe6 10. 0-0 Nf6 11. Nc3 0-0 12. c5 Bxe5 13. Bxe5 Qf7 14. Bxf6 Qxf6 15. Nxe4 Qg6 16. f3 Bh3 17. Qb3+ Kh8 18. Ng3 Bc8 19. Rfe1 Qf6 20. Re5 Qf4 21. Rd1 Bd7 22. Qxb7 Qf7 23. Qxc7 Rac8 24. Qd6 Rce8 25. Ne4 Rxe5 26. dxe5 Bc8 27. e6 Qe8 28. e7 Rf7 29. Qc7 1-0